000 00422nam a2200145Ia 4500
008 230711s9999||||xx |||||||||||||| ||und||
041 _aENG
082 _a621
_bRA-E
100 _aRajaraman.V
245 0 _aElectronics for scientists and engineers: devices,circuits and systems
250 _a1st Ed.
260 _c1978
_aNew Delhi
_bPrentice-Hall of India Private Limited
650 _aElectronics Engineering
942 _cBK
999 _c1327
_d1327